<?xml version="1.0" encoding="UTF-8"?>
<record
    xmlns:xsi="http://www.w3.org/2001/XMLSchema-instance"
    xsi:schemaLocation="http://www.loc.gov/MARC21/slim http://www.loc.gov/standards/marcxml/schema/MARC21slim.xsd"
    xmlns="http://www.loc.gov/MARC21/slim">

  <leader>00604nam a22001577a 4500</leader>
  <controlfield tag="003">OSt</controlfield>
  <controlfield tag="005">20151004110352.0</controlfield>
  <controlfield tag="008">151004b        xxu||||| |||| 00| 0 eng d</controlfield>
  <datafield tag="040" ind1=" " ind2=" ">
    <subfield code="c">RUA</subfield>
  </datafield>
  <datafield tag="082" ind1=" " ind2=" ">
    <subfield code="a">AVM &#x1798;&#x17BB;&#x17C6;&#x200B; 1989 B065 Or.1</subfield>
  </datafield>
  <datafield tag="100" ind1=" " ind2=" ">
    <subfield code="9">2005</subfield>
    <subfield code="a">&#x1798;&#x17BB;&#x17C6; &#x1794;&#x17CA;&#x17BB;&#x178E;&#x17D2;&#x178E;&#x17B6;</subfield>
  </datafield>
  <datafield tag="245" ind1=" " ind2=" ">
    <subfield code="a">&#x1793;&#x17B7;&#x1798;&#x17B7;&#x178F;&#x17D2;&#x178F;&#x17A0;&#x17C1;&#x178F;&#x17BB;&#x1793;&#x17C3;&#x1787;&#x17C6;&#x1784;&#x17BA;&#x179A;&#x17B6;&#x1782;&#x1780;&#x17BC;&#x1793;&#x1787;&#x17D2;&#x179A;&#x17BC;&#x1780;&#x1792;&#x1798;&#x17D2;&#x1798;&#x178F;&#x17B6; &#x1793;&#x17C5;&#x1798;&#x1787;&#x17D2;&#x1788;&#x1798;&#x178E;&#x17D2;&#x178C;&#x179B;&#x1785;&#x17B7;&#x1789;&#x17D2;&#x1785;&#x17B9;&#x1798;&#x1787;&#x17D2;&#x179A;&#x17BC;&#x1780;&#x1782;&#x17B8;&#x17A1;&#x17BC;&#x1798;&#x17C9;&#x17C2;&#x178F;&#x17D2;&#x179A;&#x179B;&#x17C1;&#x1781;&#x17E1;&#x17E1;</subfield>
  </datafield>
  <datafield tag="260" ind1=" " ind2=" ">
    <subfield code="a">Phnom Penh</subfield>
    <subfield code="b">RUA</subfield>
    <subfield code="c">1989</subfield>
  </datafield>
  <datafield tag="300" ind1=" " ind2=" ">
    <subfield code="a">74p.</subfield>
    <subfield code="b">ill.</subfield>
    <subfield code="c">29cm.</subfield>
  </datafield>
  <datafield tag="942" ind1=" " ind2=" ">
    <subfield code="2">ddc</subfield>
    <subfield code="c">AVM</subfield>
  </datafield>
  <datafield tag="999" ind1=" " ind2=" ">
    <subfield code="c">1894</subfield>
    <subfield code="d">1894</subfield>
  </datafield>
  <datafield tag="952" ind1=" " ind2=" ">
    <subfield code="0">0</subfield>
    <subfield code="1">0</subfield>
    <subfield code="2">ddc</subfield>
    <subfield code="4">0</subfield>
    <subfield code="6">AVM_&#x1798;&#x17BB;&#x17C6;_1989_000000000000000_B065_OR_1</subfield>
    <subfield code="7">0</subfield>
    <subfield code="9">7918</subfield>
    <subfield code="a">LBB</subfield>
    <subfield code="b">LBB</subfield>
    <subfield code="c">B065</subfield>
    <subfield code="d">2015-10-04</subfield>
    <subfield code="o">AVM &#x1798;&#x17BB;&#x17C6;&#x200B; 1989 B065 Or.1</subfield>
    <subfield code="p">RUA007484</subfield>
    <subfield code="r">2015-10-04</subfield>
    <subfield code="w">2015-10-04</subfield>
    <subfield code="y">AVM</subfield>
  </datafield>
</record>
